| 000 | 00591nam a22001817a 4500 | ||
|---|---|---|---|
| 003 | PILC | ||
| 005 | 20150819092541.0 | ||
| 008 | 150815b xxu||||| |||| 00| 0 eng d | ||
| 020 | _a9789810168575 | ||
| 050 | _aQ 163 .H991 2010 | ||
| 100 | _aHwa, Kwa Siew | ||
| 245 |
_aMy pals are here! science : _cKwa Siew Hwa., Goh Sao Ee., Koh Siew Luan _bactivity book 6A / |
||
| 250 | _aInternational Edition | ||
| 260 |
_aSingapore _bMarshall Cavendish Education _c2010 |
||
| 300 |
_a70 pages.: _bcol.,ill.; _c27 cm. _eActivity Book |
||
| 700 | _aGoh Sao Ee., Koh Siew Luan | ||
| 942 |
_2lcc _cBK |
||
| 999 |
_c288396 _d288396 |
||